LEADER 02957 am 2200637 n 450 001 9910324951203321 005 20190306 010 $a2-7535-6025-0 024 7 $a10.4000/books.pur.90702 035 $a(CKB)4100000008351130 035 $a(FrMaCLE)OB-pur-90702 035 $a(oapen)https://directory.doabooks.org/handle/20.500.12854/46528 035 $a(PPN)236939777 035 $a(EXLCZ)994100000008351130 100 $a20190605j|||||||| ||| 0 101 0 $afre 135 $auu||||||m|||| 181 $ctxt$2rdacontent 182 $cc$2rdamedia 183 $acr$2rdacarrier 200 12$aL'entre-deux électoral $eUne autre histoire de la représentation politique en France (XIXe-XXe siècle) /$fAdeline Beaurepaire-Hernandez, Jérémy Guedj 210 $aRennes $cPresses universitaires de Rennes$d2019 215 $a1 online resource (168 p.) 311 $a2-7535-4005-5 330 $aLa démocratie représentative ne s'anime-t-elle qu'en période électorale ? De Siéyès, qui aux lendemains de la Révolution déclarait que seul le système représentatif permettait la pleine jouissance de la liberté, à la crise de représentation qui frappe aujourd'hui les sociétés contemporaines, fruit d'un « divorce » consommé, selon l'expression consacrée, entre le peuple et ses élites, entre représentant et représenté, le système représentatif, qui poursuit la mission d'incarner la souveraineté populaire, a vu son image s'écorner et s'attire des critiques de plus en plus nourries et variées. Cet ouvrage collectif s'interroge ainsi sur les conditions du maintien et des modalités de la fonction représentative endossée par les élus du peuple hors de toute manifestation institutionnalisée et entre les moments d'appel au suffrage, lors de ce que l'on appellera un « entre-deux » électoral à la durée variable. 606 $aHistory 606 $aSociology 606 $asystème de représentation 606 $aélu 606 $asuffrage 610 $aélu 610 $asuffrage 610 $asystème de représentation 615 4$aHistory 615 4$aSociology 615 4$asystème de représentation 615 4$aélu 615 4$asuffrage 700 $aBeaurepaire-Hernandez$b Adeline$01276459 701 $aDebono$b Emmanuel$01288019 701 $aFaraut$b Vivien$01288020 701 $aFureix$b Emmanuel$01288021 701 $aGarrigues$b Jean$01288022 701 $aGlikman$b Juliette$01288023 701 $aGuaresi$b Magali$01288024 701 $aGuedj$b Jérémy$01288025 701 $aMineur$b Didier$0714933 701 $aPellegrinetti$b Jean-Paul$01288026 701 $aPolfliet$b Marieke$01288027 701 $aBeaurepaire-Hernandez$b Adeline$01276459 701 $aGuedj$b Jérémy$01288025 801 0$bFR-FrMaCLE 906 $aBOOK 912 $a9910324951203321 996 $aL'entre-deux électoral$93020621 997 $aUNINA LEADER 02435nam0 22004453i 450 001 CFI0190182 005 20251003044131.0 010 $a8813168535 100 $a20250311d1989 ||||0itac50 ba 101 | $aita 102 $ait 181 1$6z01$ai $bxxxe 182 1$6z01$an 183 1$6z01$anc$2RDAcarrier 200 1 $aˆL'‰imprenditore e la cultura imprenditoriale$efattori ostacolanti e stimolanti nella crescita delle piccole e medie imprese$fricerca qualitativa su un campione di imprenditori effettuata da una comunità di ricerca del CIS, Centro studi d'impresa$gcoordinatore scientifico: Fabio Corno 210 $aPadova$cCEDAM$d©1989 215 $aXXI, 149 p.$d24 cm. 225 | $aUomo impresa$fCIS$v4 410 0$1001CFI0105902$12001 $aUomo impresa$fCIS$v4$171202$aCentro studi d'impresa$3CFIV044705 606 $aImprenditori$2FIR$3CFIC020478$9E 676 $a338.4$9Produzione. Industrie secondarie e servizi$v14 686 $aSe.i.14.2.2.8$cStoria dell'economia italiana. 1963-1975. I settori industriali e l'edilizia; la piccola e media industria e l'artigianato$2F 702 1$aCorno$b, Fabio$3CFIV066317 712 02$aCentro studi d'impresa$3CFIV044705 791 02$aCIS$c $3CFIV070137$zCentro studi d'impresa 791 02$aCIS Italia$3CFIV161730$zCentro studi d'impresa 791 02$aCentro studi impresa$3MILV243950$zCentro studi d'impresa 791 02$aCentro studi impresa$c $3MILV243951$zCentro studi d'impresa 791 02$aCIS$c $3CFIV070137$zCentro studi d'impresa 791 02$aCIS Italia$3CFIV161730$zCentro studi d'impresa 791 02$aCentro studi impresa$3MILV243950$zCentro studi d'impresa 791 02$aCentro studi impresa$c $3MILV243951$zCentro studi d'impresa 801 3$aIT$bIT-000000$c20250311 850 $aIT-BN0095 901 $bNAP 01$cPOZZO LIB.$nVi sono collocati fondi di economia, periodici di ingegneria e scienze, periodici di economia e statistica e altri fondi comprendenti documenti di economia pervenuti in dono. 912 $aCFI0190182 950 0$aBiblioteca Centralizzata di Ateneo$c1 v.$d 01POZZO LIB.ECON MON 8775$e 0101 0000103315E VMA 1 v. (Precedente collocazione: GUERRAZZI B 1441)$fB $h20091210$i20091210 977 $a 01 996 $aImprenditore e la cultura imprenditoriale$962934 997 $aUNISANNIO LEADER 06628nam 22006735 450 001 9910300532103321 005 20251113185932.0 010 $a3-319-92567-9 024 7 $a10.1007/978-3-319-92567-7 035 $a(CKB)4100000004974913 035 $a(MiAaPQ)EBC5438630 035 $a(DE-He213)978-3-319-92567-7 035 $a(PPN)229493807 035 $a(EXLCZ)994100000004974913 100 $a20180626d2018 u| 0 101 0 $aeng 135 $aurcnu|||||||| 181 $ctxt$2rdacontent 182 $cc$2rdamedia 183 $acr$2rdacarrier 200 10$aNanochemistry, Biotechnology, Nanomaterials, and Their Applications $eSelected Proceedings of the 5th International Conference Nanotechnology and Nanomaterials (NANO2017), August 23-26, 2017, Chernivtsi, Ukraine /$fedited by Olena Fesenko, Leonid Yatsenko 205 $a1st ed. 2018. 210 1$aCham :$cSpringer International Publishing :$cImprint: Springer,$d2018. 215 $a1 online resource (xviii, 525 pages) 225 1 $aSpringer Proceedings in Physics,$x1867-4941 ;$v214 300 $aIncludes index. 311 08$a3-319-92566-0 327 $aPreface -- Part I: Nanochemistry and Biotechnology -- Nanostructured Functional Coatings of Iron Family Metals with Refractory Elements -- Multifuntional Magnetic Nanocomposites on the Base of Magnetite and Hydroxyapatite and its Applications for Oncology -- Structural Peculiarities, and Properties of Silver-containing Polymer Nanocomposites -- Effect of Incorporated Inorganic Nanoparticles on Porous Structure and Functional Properties of Strongly and Weakly Acidic Ion Exchangers -- Peculiarities of the Crystal-Chemical Structure of Spinel Ferrites coxfe3-xo4 (0.25£x£1) Obtained under the Action of a Low-Temperature Contact Nonequilibrium Plasma -- The Dynamics of Water Molecules Confined in the Interior of DMPC Phospholipid Reverse Micelle -- Applications Perspectives of Nanodispersed Chalcogenides of Transition Metals in Photocatalysis -- Nanocomposites Based On Thermosetting Polyurethane Matrix And Chemically Modified Multi-Walled Carbon Nanotubes -- Polymeric Composite Films with Controlled Release of Natural Antioxidant Enoxil -- High-Temperature Electrochemical Synthesis of Nanostructured Coatings of Molybdenum (Tungsten)?Nickel (Cobalt) Alloys and Intermetallic Compounds -- Structure and Electrical/Dielectric Properties of Ion-Conductive Polymer Composites Based on Aliphatic Epoxy Resin and Lithium Perchlorate Salt -- Mechanical and Thermal Characteristics of Irradiation Cross-linked Hydrogels -- Nanostructural-and-nanochemical Processes in Peloid Sediments Aided with Biogeocenosis -- Part II: Nanocomposites and Nanomaterials -- Directional Synthesis of SnO2-based Nanostructures for Use in Gas Sensors -- ?Polymer-oxide? Micro/Nano-composites: Background and Promises -- Interactions between Carbon-based Nanostructures and Biomembranes ? Computer Simulations Study -- Percolation Threshold of 5-Cyanobiphenyls Mesogene Phases between Graphene ? Computer Simulation Study -- The Ultrasonic Treatment as a Promising Method of Nanosized Oxide CeO2-MoO3 Composites Preparation -- High-Temperature Electrochemical Synthesis of Nanopowders of Tungsten Carbide in Ionic Melts -- Magnetic Memory of Antitumor Magneto-sensitive Nanocomplex -- Nonlinear Optical Properties of Polymer Nanocomposites with a random and Periodic Distribution of Silver Nanoparticles -- The Nanocomposite Diffusion Coating of Details prepared of Boriding -- Ni Addition Induced Changes in Structural, Magnetic and Cationic Distribution of Zn0.75-xNixMg0.15Cu0.1Fe2O4 Nanoferrite -- Dielectric Properties and AC Conductivity of Epoxy/Hybrid Nanocarbon Filler Composites -- Obtaining of the Modified NH4NO3 Granules with 3-D Nanoporous Structure: Impact of Humidifier Type on the Granule's Structure -- Bifunctional Silicas with Immobilized Lignin -- Cooperative Phenomena in Spin-crossover Molecular Crystals -- Copper Nucleation on Nickel from Pyrophosphate-based Polyligand Electrolyte -- Structural Study of the Modified Cu0.4Co0.4Ni0.4Mn1.8O4 and Cu0.1Ni0.8Co0.2Mn1.9O4 Ceramics using Combined Methods -- Effect of a Hydrogen Sulfide Containing Atmosphere on the Physical and Mechanical Properties of Solid Oxide Fuel Cell Materials -- Influence of Annealing in Vacuum on Dispersion Kinetics of Titanium and Zirconium Nanofilms Deposited onto Oxide Materials -- Grain-porous structure and exploitation properties of humidity-sensitive magnesium aluminate spinel-type ceramics -- Index. 330 $aThis book presents some of the latest achievements in nanotechnology and nanomaterials from leading researchers in Ukraine, Europe, and beyond. It features selected peer-reviewed contributions from participants in the 5th International Science and Practice Conference Nanotechnology and Nanomaterials (NANO2017) held in Chernivtsi, Ukraine on August 23-26, 2017. The International Conference was organized jointly by the Institute of Physics of the National Academy of Sciences of Ukraine, Ivan Franko National University of Lviv (Ukraine), University of Tartu (Estonia), University of Turin (Italy), and Pierre and Marie Curie University (France). Internationally recognized experts from a wide range of universities and research institutions share their knowledge and key results on topics ranging from energy storage to biomedical applications. This book's companion volume also addresses nanooptics, nanoplasmonics, and interface studies. 410 0$aSpringer Proceedings in Physics,$x1867-4941 ;$v214 606 $aNanoscience 606 $aNanotechnology 606 $aMicrotechnology 606 $aMicroelectromechanical systems 606 $aNanochemistry 606 $aBiotechnology 606 $aNanophysics 606 $aNanotechnology 606 $aMicrosystems and MEMS 606 $aNanochemistry 606 $aBiotechnology 615 0$aNanoscience. 615 0$aNanotechnology. 615 0$aMicrotechnology. 615 0$aMicroelectromechanical systems. 615 0$aNanochemistry. 615 0$aBiotechnology. 615 14$aNanophysics. 615 24$aNanotechnology. 615 24$aMicrosystems and MEMS. 615 24$aNanochemistry. 615 24$aBiotechnology. 676 $a620.5 702 $aFesenko$b Olena$4edt$4http://id.loc.gov/vocabulary/relators/edt 702 $aYatsenko$b Leonid$4edt$4http://id.loc.gov/vocabulary/relators/edt 906 $aBOOK 912 $a9910300532103321 996 $aNanochemistry, Biotechnology, Nanomaterials, and Their Applications$92519502 997 $aUNINA